000 00701cab a2200241 4500
001 ABS54252
008 090401t1995 xxu||||| |||| 00| 0 eng d
035 _a(Sirsi) u9302
041 _aeng
100 _aWood, A.
245 4 _aThe new face of building control
260 _c1995
350 _a0
490 _aStructural Survey
_v13(4) 1995, 21-22(2)
520 _aExamines how building control has evolved from an obstacle in the development process to become an `enabler`.
650 _aBUILDING CONTROL
_96222
650 _aBUILDING REGULATIONS
_96224
650 _aQUALITY
690 _aBUILDING AND CONSTRUCTION-CONTROL
700 _aMcGahey, G.
942 _n0
948 _c04/03/1997
999 _c5787
_d5787